Catálogo

Cuentos extraños para niños peculiares / (Registro nro. 69053)

Detalles MARC
000 -LEADER
fixed length control field 01555cam a2200409 i 4500
001 - CONTROL NUMBER
control field 69053
003 - CONTROL NUMBER IDENTIFIER
control field Mx-PuUPA
005 - DATE AND TIME OF LATEST TRANSACTION
control field 20240410104309.0
008 - FIXED-LENGTH DATA ELEMENTS--GENERAL INFORMATION
fixed length control field 200506s2016 mx a|||gr|||| 00| f spa d
020 ## - INTERNATIONAL STANDARD BOOK NUMBER
International Standard Book Number 9786073149556
040 ## - CATALOGING SOURCE
Original cataloging agency Mx-PuUPA
Language of cataloging spa
Transcribing agency Mx-PuUPA
Modifying agency Mx-PuUPA
Description conventions rda
041 1# - LANGUAGE CODE
Language code of text/sound track or separate title spa
Language code of original eng
100 1# - MAIN ENTRY--PERSONAL NAME
9 (RLIN) 11062
Personal name Riggs, Ransom,
Dates associated with a name 1979-
Relator term autor
240 10 - UNIFORM TITLE
Uniform title Tales of the peculiar.
Language of a work Español
245 10 - TITLE STATEMENT
Title Cuentos extraños para niños peculiares /
Statement of responsibility, etc. Ransom Riggs ; ilustraciones de Andrew Davidson ; traducción de Victoria Simó
250 ## - EDITION STATEMENT
Edition statement Primera edición
264 #1 - PRODUCTION, PUBLICATION, DISTRIBUTION, MANUFACTURE, AND COPYRIGHT NOTICE
Place of production, publication, distribution, manufacture Ciudad de México :
Name of producer, publisher, distributor, manufacturer Penguin Random House Grupo Editorial,
Date of production, publication, distribution, manufacture, or copyright notice ©2016
300 ## - PHYSICAL DESCRIPTION
Extent 219 páginas :
Other physical details ilustraciones ;
Dimensions 22 cm
336 ## - CONTENT TYPE
Fuente rdacontent
Content type term texto
Content type code txt
337 ## - MEDIA TYPE
Source rdamedia
Media type term sin medio
Media type code n
338 ## - CARRIER TYPE
Source rdacarrier
Carrier type term volumen
Carrier type code nc
600 14 - SUBJECT ADDED ENTRY--PERSONAL NAME
Personal name Nullings, Millard (Personaje ficticio)
650 #7 - SUBJECT ADDED ENTRY--TOPICAL TERM
Source of heading or term armarc
Topical term or geographic name entry element Antropofagía
Form subdivision Novela
650 #7 - SUBJECT ADDED ENTRY--TOPICAL TERM
Source of heading or term armarc
Topical term or geographic name entry element Canibalismo
Form subdivision Novelas, cuentos, etc.,
650 #7 - SUBJECT ADDED ENTRY--TOPICAL TERM
Source of heading or term armar
Topical term or geographic name entry element Cuentos de hadas
650 #7 - SUBJECT ADDED ENTRY--TOPICAL TERM
Source of heading or term armarc
Topical term or geographic name entry element Cuentos infantiles
Geographic subdivision Estados Unidos
650 #7 - SUBJECT ADDED ENTRY--TOPICAL TERM
Source of heading or term armarc
Topical term or geographic name entry element Historias paranormales
Form subdivision Novela
650 #7 - SUBJECT ADDED ENTRY--TOPICAL TERM
Source of heading or term armarc
Topical term or geographic name entry element Literatura infantil (estadounidense)
700 1# - ADDED ENTRY--PERSONAL NAME
Personal name Davidson, Andrew,
Relator term ilustrador
700 1# - ADDED ENTRY--PERSONAL NAME
Personal name Simó, Victoria,
Relator term traductor
765 08 - ORIGINAL LANGUAGE ENTRY
Main entry heading Riggs, Ransom, 1979-
Title Tales of the peculiar.
942 ## - ADDED ENTRY ELEMENTS (KOHA)
Source of classification or shelving scheme Dewey Decimal Classification
Koha item type Libro
Classification part 808.068308738
Item part R565
Existencias
Withdrawn status Lost status Source of classification or shelving scheme Damaged status Not for loan Collection code Home library Current library Shelving location Date acquired Source of acquisition Cost, normal purchase price Total Checkouts Full call number Barcode Date last seen Date last checked out Cost, replacement price Price effective from Koha item type Copy number
    Dewey Decimal Classification     General Biblioteca Karol Wojtyla Biblioteca Karol Wojtyla Sala general 09/08/2021 1 299.00 3 808.068308738 R565 2016 101518 05/01/2026 20/05/2025 299.00 09/08/2021 Libro  
    Dewey Decimal Classification     General Biblioteca Karol Wojtyla Biblioteca Karol Wojtyla Sala general 09/08/2021 1 299.00 3 808.068308738 R565 2016 101519 05/01/2026 26/03/2025 299.00 09/08/2021 Libro Ej.2